<?xml version="1.0" encoding="UTF-8"?>
<record
    xmlns:xsi="http://www.w3.org/2001/XMLSchema-instance"
    xsi:schemaLocation="http://www.loc.gov/MARC21/slim http://www.loc.gov/standards/marcxml/schema/MARC21slim.xsd"
    xmlns="http://www.loc.gov/MARC21/slim">

  <leader>01555nam a22002537a 4500</leader>
  <controlfield tag="001">BINCO</controlfield>
  <controlfield tag="003">CO-MdBIC</controlfield>
  <controlfield tag="005">20220421222208.0</controlfield>
  <controlfield tag="008">220421b1986    spaa|||| |||| 00| 0 spa d</controlfield>
  <datafield tag="020" ind1=" " ind2=" ">
    <subfield code="a">8486587018</subfield>
  </datafield>
  <datafield tag="040" ind1=" " ind2=" ">
    <subfield code="a"> CO-MdBIC</subfield>
    <subfield code="b">spa.</subfield>
    <subfield code="c">CO-MdBIC</subfield>
    <subfield code="d"> CO-MdBIC</subfield>
  </datafield>
  <datafield tag="041" ind1=" " ind2=" ">
    <subfield code="a">spa</subfield>
  </datafield>
  <datafield tag="082" ind1=" " ind2=" ">
    <subfield code="2">22</subfield>
    <subfield code="a">861.08</subfield>
    <subfield code="b">T316</subfield>
  </datafield>
  <datafield tag="100" ind1=" " ind2=" ">
    <subfield code="a">Teresa de Santos</subfield>
  </datafield>
  <datafield tag="245" ind1=" " ind2=" ">
    <subfield code="a">Romancero para ni&#xF1;os</subfield>
    <subfield code="c">/Teresa de Santos, escritora </subfield>
  </datafield>
  <datafield tag="260" ind1="1" ind2=" ">
    <subfield code="a">Madrid, Espa&#xF1;a:</subfield>
    <subfield code="b">Ediciones la torre,</subfield>
    <subfield code="c">[1986]</subfield>
  </datafield>
  <datafield tag="260" ind1="4" ind2=" ">
    <subfield code="a">&#xA9; 1986</subfield>
  </datafield>
  <datafield tag="300" ind1=" " ind2=" ">
    <subfield code="a">134 paginas;</subfield>
    <subfield code="b">ilustraciones a blanco y negro:</subfield>
    <subfield code="c">22 cm.</subfield>
  </datafield>
  <datafield tag="490" ind1=" " ind2=" ">
    <subfield code="a">alba y mayo</subfield>
  </datafield>
  <datafield tag="500" ind1=" " ind2=" ">
    <subfield code="a">El romance ha sido durante siglos veh&#xED;culo de transmisi&#xF3;n viva y directa de multitud de temas populares. Grandes poetas han utilizado el romance entre sus formas de expresi&#xF3;n,  por su musicalidad y su implantaci&#xF3;n popular. El romancero es una joya de nuestra tradici&#xF3;n popular, obra colectiva por antonomasia, pues los romances han ido modific&#xE1;ndose, de padres a hijos, de generaci&#xF3;n en generaci&#xF3;n, una y otra vez hasta nuestros d&#xED;as, a pesar de que las nuevas formas de comunicaci&#xF3;n amenazan con reducir el romancero al pasado. Queremos que los lectores de Alba y mayo ayudados por el acertado trabajo de s&#xED;ntesis de Teresa de Santos e incitados por los sugerentes dibujos de Carmen S&#xE1;ez, aprendan qu&#xE9; son los romances y los utilicen y los recreen en sus juegos y en sus cantares, y los conserven, as&#xED;, de una forma viva.</subfield>
  </datafield>
  <datafield tag="650" ind1=" " ind2="7">
    <subfield code="9">100</subfield>
    <subfield code="a">Educaci&#xF3;n infantil</subfield>
  </datafield>
  <datafield tag="700" ind1=" " ind2=" ">
    <subfield code="a">Carmen S&#xE1;ez </subfield>
    <subfield code="e">ilustradora</subfield>
  </datafield>
  <datafield tag="942" ind1=" " ind2=" ">
    <subfield code="c">LGB</subfield>
  </datafield>
  <datafield tag="952" ind1=" " ind2=" ">
    <subfield code="0">0</subfield>
    <subfield code="1">0</subfield>
    <subfield code="2">ddc</subfield>
    <subfield code="4">0</subfield>
    <subfield code="7">0</subfield>
    <subfield code="a">BINCO</subfield>
    <subfield code="b">BINCO</subfield>
    <subfield code="d">2022-04-21</subfield>
    <subfield code="l">0</subfield>
    <subfield code="o">861.08 T316</subfield>
    <subfield code="p">B32514</subfield>
    <subfield code="r">2022-04-21 00:00:00</subfield>
    <subfield code="t">ej.1</subfield>
    <subfield code="w">2022-04-21</subfield>
    <subfield code="y">LGB</subfield>
  </datafield>
  <datafield tag="999" ind1=" " ind2=" ">
    <subfield code="c">67765</subfield>
    <subfield code="d">67765</subfield>
  </datafield>
</record>
